DEUTSCH - Statistics

General Stats
  • This quiz has been taken 6 times
  • The average score is 11 of 37
Answer Stats
Hint Answer % Correct
obecny anwesend
50%
pies der Hund
50%
pilny fleißig
50%
stawiać oceny Noten geben
50%
starać się sich Mühe geben
50%
dużo viel
50%
zdawać ablegen
25%
nieobecny abwesend
25%
wymagający anspruchsvoll
25%
uczyć się na pamięć auswendig lernen
25%
matura das Abitur
25%
świadectwo das Zeugnis
25%
opuszczać lekcje den Unterricht versäumen
25%
średnia ocen der Notendurchschnitt
25%
kujon der Streber
25%
sala gimnastyczna der Turnsaal
25%
kot die Katze
25%
praca klasowa die Klausur
25%
doświadczony erfahren
25%
cierpliwy geduldig
25%
sprawiedliwy gerecht
25%
byc w grupie wyższej im Leistungskurs sein
25%
udzielać korepetycji Nachhilfestunden geben
25%
wyrozumiały nachsichtig
25%
wkuwać pauken
25%
zdać egzamin Prüfung bestehen
25%
wysilać się sich anstrengen
25%
zgłosić się, odezwać się sich melden
25%
źle się czuć sich schlecht fühlen
25%
czuć się przeciążonym sich überfordert fühlen
25%
ściągać spicken
25%
przeszkadzać stören
25%
surowy, srogi streng
25%
brać udział w (zdanie z rodzajnikiem nieokreślonym) teilnehmen an D
25%
tolerancyjny tolerant
25%
przekładać verlegen
25%
zachowywać się sich verhalten
0%
No matching quizzes found
Score Distribution
Percent of People with Each Score
Percentile by Number Answered
Your Score History
You have not taken this quiz